Gray anatomía para estudiantes (Registro nro. 3516)

Detalles MARC
000 -CABECERA
Longitud fija campo de control 00884cam a22002534a 4500
001 - NÚMERO DE CONTROL
Número de control 15499349
003 - IDENTIFICADOR DELl NÚMERO DE CONTROL
Identificador del número de control OSt
005 - FECHA Y HORA DE LA ÚLTIMA TRANSACCIÓN
Fecha y hora de la última transacción 20131029164606.0
008 - CÓDIGOS DE INFORMACIÓN DE LONGITUD FIJA
Códigos de información de longitud fija 081024s2007 esp spa
020 ## - NÚMERO INTERNACIONAL NORMALIZADO PARA LIBROS
Número Internacional Normalizado para Libros (ISBN) 978-84-8174-832-1
040 ## - FUENTE DE LA CATALOGACIÓN
Centro catalogador de origen DNLM/DLC
Centro transcriptor BMC
Centro modificado BTCTA
-- BAKER
-- NLM
-- C#P
-- YDXCP
-- BWX
-- CDX
-- DLC
082 ## - NÚMERO DE LA CLASIFICACIÓN DECIMAL DEWEY
Númeroo de clasificación 611.370
100 1# - PUNTO DE ACCESO PRINCIPAL-NOMBRE DE PERSONA
Nombre de persona Drake, Richard‏ L.
9 (RLIN) 8116
245 10 - MENCIÓN DE TÍTULO
Título Gray anatomía para estudiantes
Mención de responsabilidad, etc. Richard L. Drake, A. Wayne Vogl, Adam W.M. Mitchell ; [traducción y producción editorial, Diorki]
260 ## - PUBLICACIÓN, DISTRIBUCIÓN, ETC. (PIE DE IMPRENTA)
Lugar de publicación, distribución, etc. Madrid [etc.]
Nombre del editor, distribuidor, etc. Elsevier
Fecha de publicación, distribución, etc. cop. 2007
300 ## - DESCRIPCIÓN FÍSICA
Extensión XXV, 1058 p.
Otras características físicas il. col.
Dimensiones 28 cm.
500 ## - NOTA GENERAL
Nota general Índice p. 1034-1058
594 ## - NOTA AL TÍTULO Y MENCIÓN DE RESPONSABIBLIDAD
Nota Al Título Y Mención De Responsabilidad Traducción de: Gray’s anatomy for students, 1st ed.
650 24 - PUNTO DE ACCESO ADICIONAL DE MATERIA - TÉRMINO DE MATERIA
Término de materia o nombre geográfico como elemento inicial Anatomía humana
9 (RLIN) 7938
Subdivisión de materia general Enseñanza
700 1# - PUNTO DE ACCESO ADICIONAL - NOMBRE DE PERSONA
Nombre de persona Vogl, Wayne
9 (RLIN) 8117
700 1# - PUNTO DE ACCESO ADICIONAL - NOMBRE DE PERSONA
Nombre de persona Mitchell, Adam W.M.
9 (RLIN) 8118
710 1# - PUNTO DE ACCESO ADICIONAL - NOMBRE DE ENTIDAD
9 (RLIN) 5246
Nombre de entidad o nombre de jurisdicción como elemento inicial Diorki
942 ## - ENTRADA DE ELEMENTOS AGREGADOS (KOHA)
Fuente de clasificaión o esquema Dewey Decimal Classification
Koha [por defecto] tipo de item 1- Monografias
Existencias
Suprimido Perdido Fuente de clasificación o esquema Estropeado Restricciones de uso No para préstamo Código de colección Localización permanente Localización actual Localización en estanter&íacute;as Fecha adquisición Fuente de adquisición Número de inventario Préstamos totales Renovaciones totales Signatura completa Código de barras Fecha última consulta Fecha último préstamo Coste, precio reemplazado Fecha del precio de reemplazo Tipo de item de Koha
NULL NULL Dewey Decimal Classification NULL Prestable NULL NULL Biblioteca Miguel de Cervantes - UNICAES Biblioteca Miguel de Cervantes - UNICAES Sala Principal 29/10/2013 Donación - Facultad de Ciencias y Humanidades 005688 55 3 611.370 GRA 1005688 13/02/2026 12/02/2026 63.00 29/10/2013 1- Monografias
NULL NULL Dewey Decimal Classification NULL Prestable NULL NULL Biblioteca Miguel de Cervantes - UNICAES Biblioteca Miguel de Cervantes - UNICAES Sala Principal 29/10/2013 Donación - Facultad de Ciencias y Humanidades 005689 89 4 611.370 GRA 1005689 13/02/2026 11/02/2026 63.00 29/10/2013 1- Monografias
NULL NULL Dewey Decimal Classification NULL Prestable NULL NULL Biblioteca Miguel de Cervantes - UNICAES Biblioteca Miguel de Cervantes - UNICAES Sala Principal 29/10/2013 Donación - Facultad de Ciencias y Humanidades 005690 69 7 611.370 GRA 1005690 26/11/2022 17/11/2022 63.00 29/10/2013 1- Monografias